000 00627nam a2200241Ia 4500
003 OSt
005 20220918210252.0
006 a|||||r|||| 00| 0
007 ta
008 220917b |||||||| |||| 00| 0 eng d
024 _a119,905
037 _cTextual
040 _aARTS
_cARTS
_beng
041 _2eng
_aeng
082 _aV687.N79-M80, M4
100 _aMiller N N
_9117690
245 0 _aKenya
_b The quest for prosperity
260 _aGower
_bWestview
_c1984
300 _ax, 180p.
_ccm.
650 _aHISTORY
942 _hV687.N79-M80, M4
_cTEXL
_2CC
999 _c243163
_d243163